Mit jelent Szeged gazdasági életének a Bácska visszatérése a pillanatnyi forgalmi kapcsolatokon kívül Szabadka, Kanizsa, Zenta, Verbász , Kikinda és a jómódú bácskai községek ismét Szegedre fognak gravitálni

Elmentve itt :
Bibliográfiai részletek
Dokumentumtípus: Cikk
Megjelent: 1941-04-17
Sorozat:Délmagyarország 17 No. 86
Kulcsszavak:Gazdasági élet Szeged Bácska visszacsatolása 1941
Online Access:http://dmarchiv.bibl.u-szeged.hu/50856
LEADER 00637nab a2200145 i 4500
001 delm50856
005 20180927134818.0
008 180927s1941 hu o 0|| hun d
040 |a SZTE Délmagyarország Archívum  |b hun 
041 |a hun 
245 0 4 |a Mit jelent Szeged gazdasági életének a Bácska visszatérése   |h [elektronikus dokumentum] :  |b a pillanatnyi forgalmi kapcsolatokon kívül Szabadka, Kanizsa, Zenta, Verbász , Kikinda és a jómódú bácskai községek ismét Szegedre fognak gravitálni 
260 |c 1941-04-17 
300 |a 4 
490 0 |a Délmagyarország  |v 17 No. 86 
695 |a Gazdasági élet Szeged Bácska visszacsatolása 1941